[Event "Charlotte Spring-B 2022"]
[Site "Charlotte"]
[Date "2022.03.20"]
[Round "9.1"]
[White "Rusonik, Max"]
[Black "Wang, Tianqi"]
[Result "1/2-1/2"]
[WhiteElo "2141"]
[BlackElo "2322"]
[Annotator "TA"]
[PlyCount "64"]
[EventDate "2022.03.16"]
[EventType "tourn"]
[EventCountry "USA"]
[SourceTitle "playchess.com"]
[Source "ChessBase"]
[SourceQuality "1"]

{[%evp 9,64,0,0,-7,1,-4,0,0,0,0,0,0,0,0,-17,-20,20,13,20,12,45,25,33,23,31,0,25,-83,-86,-97,-97,-100,-86,-87,-94,-188,-173,-193,-129,-117,-98,-91,-88,-86,-41,-56,0,0,13,12,102,0,-5,-5,-5,-7,-1]} 1. e4 c6 2. d4 d5 3. e5 c5 4. dxc5 e6 5. a3 Bxc5 6. b4 {B12: Caro-Kann: Advance Variation.} Be7 7. Qg4 g6 8. Bd3 a5 9. b5 {Inhibits Nc6.} Nd7 10. Nf3 h5 11. Qf4 Nh6 12. a4 {[#]} Qc7 $146 {[%cal Og6g5]} ({Predecessor:} 12... b6 13. O-O Bb7 14. Nbd2 g5 15. Qe3 Bc5 16. Qxg5 Qxg5 17. Nxg5 Bd4 18. Rb1 Bxe5 {½-½ (30) Bekemann,U (2297)-Baumgartner,U (2381) GER email 2016}) 13. Bb2 Nf5 14. O-O Nc5 (14... b6 {keeps more tension.} 15. Rc1 Bb7 16. Nbd2 O-O-O 17. h4 Kb8) 15. Bxf5 exf5 16. Nd4 Be6 17. Nd2 Rc8 18. N4b3 (18. Qe3 $11) 18... Ne4 $17 19. Nxe4 dxe4 20. Nd4 {[#]} Qc4 $1 21. Rfd1 O-O 22. Nxe6 (22. Qh6 $17 Rfd8 23. g3 (23. Nxe6 Rxd1+ 24. Rxd1 Qxe6 $17)) 22... Qxe6 $19 23. Qd2 Bb4 (23... Rfd8 $19 24. Bd4 Bb4) 24. c3 $17 Bc5 {[%cal Oe4e3]} 25. c4 e3 26. fxe3 f4 (26... Qxc4 $17 {Threatens to win with ...f4.} 27. Kh1 Qb3) 27. Bd4 $15 Rfd8 (27... Bb4 $15 28. Qf2 fxe3 29. Bxe3 Rxc4) 28. Qxa5 $11 {Hoping for Bxc5.} b6 29. Qc3 fxe3 {[#]} (29... Bxd4 $1 $11 30. Rxd4 (30. exd4 Rxc4 31. Qb2 Qf5 $11) 30... Rxd4 31. Qxd4 (31. exd4 Rxc4 32. Qd2 f3 $11) 31... Rxc4 32. Qd8+ Kg7 33. exf4 Rxf4) 30. Bxe3 (30. Bxc5 $1 $16 Rxd1+ 31. Rxd1 Rxc5 32. Qxe3) 30... Rxd1+ {The position is equal.} 31. Rxd1 {[#] Strongly threatening Bxc5.} Qxc4 32. Qe1 ({But not} 32. Rd8+ $2 Kg7 33. Qxc4 Bxe3+ 34. Kf1 Rxc4 $19) (32. Qd2 Bxe3+) 32... Bxe3+ {Weighted Error Value: White=0.20 (precise) /Black=0.16 (very precise)} 1/2-1/2

[Event "Charlotte Spring-B 2022"]
[Site "Charlotte"]
[Date "2022.03.21"]
[Round "9.2"]
[White "Mishra, Prateek"]
[Black "Johnson, Donald"]
[Result "1-0"]
[WhiteElo "2128"]
[BlackElo "2060"]
[Annotator "TA"]
[PlyCount "157"]
[EventDate "2022.03.16"]
[EventType "tourn"]
[EventCountry "USA"]
[SourceTitle "playchess.com"]
[Source "ChessBase"]
[SourceQuality "1"]

{[%evp 14,157,0,3,6,7,0,8,8,7,17,18,18,15,16,20,24,19,25,6,25,27,54,53,64,66,101,106,92,104,100,81,171,178,176,210,195,184,211,217,208,189,255,26,118,114,119,121,162,122,222,197,190,148,147,123,125,123,122,123,134,124,129,126,126,123,123,122,122,122,133,136,138,137,146,142,197,217,195,200,215,219,231,227,279,279,255,241,587,554,533,549,438,0,554,368,949,920,1699,588,647,497,440,0,625,619,615,585,1794,1875,1884,1816,1932,1776,5181,4970,29981,29983,29982,29983,29983,29984,29984,29985,29985,29986,29986,29984,29984,29985,29985,29986,29986,29987,29987,29988,29988,29989,29989,29989,29989,29990,29990,29991,29991,1012]} 1. e4 c5 2. Nf3 d6 3. d4 cxd4 4. Nxd4 Nf6 5. Nc3 a6 6. a4 e5 7. Nf3 Be7 8. Bg5 $1 {[%mdl 4] is more profitable than 8.Bc4 at the moment.} Be6 {B90: Sicilian Najdorf: Unusual White 6th moves, 6 Be3 Ng4 and 6 Be3 e5.} 9. Bxf6 Bxf6 10. Nd5 {Prevents Qb6.} Nd7 {The position is equal.} 11. Bc4 Nb6 12. Nxb6 Qxb6 13. Bxe6 fxe6 14. O-O {[#]} O-O $146 ({Predecessor:} 14... Rc8 15. Qd3 O-O 16. c4 a5 17. b3 Be7 18. Rae1 Rf4 19. Re3 Rcf8 20. g3 R4f6 {½-½ (44) Dabo Peranic,R (2308)-Brkic,A (2588) Sibenik 2011}) 15. a5 Qc6 16. c3 Rad8 17. Re1 Be7 18. Qb3 Rf6 19. Ra4 {[%cal Ba1a4,Ba4b4,Bb4b6,Bb6e6][%mdl 32]} Rdf8 20. Rb4 Rb8 21. Rb6 Qc7 22. Ra1 d5 (22... h6 $16) 23. exd5 $18 e4 24. Nd4 Qf4 25. Rf1 {Active counter play!} (25. Rxe6 $2 Qxf2+ 26. Kh1 Qf1+ $3 {[%mdl 512]} 27. Rxf1 Rxf1#) 25... e3 {[%cal Re3f2]} 26. Rxe6 (26. Nxe6 $2 Qe4 27. Qa2 (27. Rxb7 Rxb7 28. Qd1 Rxf2) 27... exf2+ 28. Kh1 Rh6 $19) 26... exf2+ 27. Kh1 Bd6 (27... Bc5 $142 28. g3 Qg4 29. Rxf6 gxf6 30. d6+ (30. Rxf2 Bxd4 31. cxd4 Qxd4 $16) 30... Kh8) 28. Nf3 $2 (28. g3 $18 Qg5 29. Kg2) 28... Rf5 (28... Rbf8 $1 $11) 29. Qb6 $16 ({Stronger than} 29. Rxf2 Qc1+ 30. Re1 Qxe1+ 31. Nxe1 Rxf2 $15) 29... Bc7 30. Qxf2 Rxd5 (30... Qc4 $16 31. Rfe1 Qxd5) 31. b4 {Black must now prevent Qa2.} Rf8 {[#]} (31... Rh5 $16) 32. Qa2 $1 $18 Qf5 33. Rfe1 ({White should try} 33. Ree1 $18) 33... Kh8 $16 34. Re8 Rd8 35. Rxf8+ Rxf8 36. Qe6 Qd3 37. Qe3 Qc4 38. Qd4 Qxd4 39. Nxd4 {[%mdl 4096] Endgame KRB-KRN} ({Reject} 39. cxd4 $6 Bd6 $11) 39... Be5 40. Kg1 Bf6 41. Re3 Kg8 42. Nb3 Bg5 43. Rd3 Rc8 44. Nc5 Bf6 (44... Be7 $16) 45. Kf2 $18 Rc7 46. Ke3 Kf7 {[#]} 47. Ke4 $1 Be7 48. Rf3+ Bf6 49. Kd5 {Strongly threatening Kd6.} Ke8 50. Re3+ Kf7 $2 (50... Be7 {is more resistant.} 51. Ne4 Kf7 52. Rf3+ Kg8) 51. Kd6 Bd8 52. Rf3+ Kg6 53. Re3 $2 (53. Rf8 $18 Rc6+ 54. Kd5) 53... Rc6+ $2 {[%mdl 8192]} (53... Kf7 $1 $11 54. c4 Rc6+ 55. Kd7 Bc7) 54. Kd7 Bf6 (54... Bxa5 55. Nxb7 Rc7+ 56. Kd6 Bb6) 55. c4 Kf5 56. g3 (56. Nxb7 $142 Rxc4 57. Nd6+ Kg5 58. Nxc4) 56... Be5 57. Rf3+ Kg4 58. Re3 (58. Rd3 $142) 58... Kf5 59. g4+ Kf6 60. h4 {[%cal Bh2h4,Bh4h5][%mdl 32]} Bd4 61. Re6+ Rxe6 62. Nxe6 {KB-KN} Bc3 63. Nc5 Bxb4 64. Nxb7 g5 65. h5 {White mates.} Be1 66. c5 Bg3 67. c6 Bb8 68. c7 Bxc7 69. Kxc7 {KN-K3P} Ke5 70. Kb6 Kf4 71. Kxa6 Kxg4 {KN-KPP} 72. Kb5 Kh3 73. a6 g4 74. a7 g3 75. a8=Q g2 76. Qa1 Kh2 77. Qe5+ Kh1 78. Qe4 Kh2 79. Qh4+ {Weighted Error Value: White=0.41/Black=0.38} 1-0

[Event "Charlotte Spring-B 2022"]
[Site "Charlotte"]
[Date "2022.03.21"]
[Round "9.3"]
[White "Ngo, Bach"]
[Black "Poliannikov, Danila"]
[Result "1/2-1/2"]
[WhiteElo "2306"]
[BlackElo "2273"]
[Annotator "TA"]
[PlyCount "78"]
[EventDate "2022.03.16"]
[EventType "tourn"]
[EventCountry "USA"]
[SourceTitle "playchess.com"]
[Source "ChessBase"]
[SourceQuality "1"]

{[%evp 19,78,30,39,28,45,18,46,18,32,43,60,29,55,58,85,52,115,118,110,106,109,117,130,85,81,72,83,0,0,0,0,0,0,-14,63,47,84,49,115,114,99,0,0,0,0,0,0,0,0,0,0,0,9,8,39,38,34,34,29,14,38]} 1. d4 Nf6 2. Nf3 g6 3. c4 c5 4. d5 e6 5. Nc3 Bg7 6. e4 d6 7. Be2 exd5 8. cxd5 O-O 9. Nd2 {[%cal Bf3d2,Bd2c4,Bc4e3][%mdl 32] 9.Be3 is becoming the main line.} Re8 10. O-O Na6 11. a4 {A78: Modern Benoni: Classical: 9...Re8 10 Nd2 Na6.} Nb4 12. Kh1 {[#]} Nd7 $146 ({Predecessor:} 12... b6 13. Ra3 a6 14. f3 Rb8 15. Re1 Qe7 16. Nc4 b5 17. axb5 axb5 18. Nxb5 Rxb5 19. Nxd6 Qxd6 20. Bxb5 {1-0 (28) Kloss,T (2073)-Brueggemann,F (2013) Germany 2009}) 13. Nc4 {White is slightly better.} Ne5 14. Ne3 f5 15. exf5 (15. f4 $5 {[%cal Rf4e5]} Nf7 16. exf5 $11) 15... gxf5 16. f4 Nf7 17. Na2 {[%cal Bc3a2,Ba2b4,Bb4c2][%mdl 32]} Bd4 (17... Na6 $14) 18. Nxb4 $16 Bxe3 19. Bxe3 Rxe3 20. Nc2 Re8 {[#]} 21. Ra3 (21. Bb5 $142 $1 {[%cal Rb5e8]} Bd7 22. Bxd7 Qxd7 23. Ra3) 21... Qf6 22. b4 Bd7 23. Bb5 (23. bxc5 $16 {And now Bh5 would win.} dxc5 24. Bh5) 23... Bxb5 $11 24. axb5 Re4 25. h3 cxb4 26. Rb3 a5 (26... Rc8 $11) 27. bxa6 $1 $14 bxa6 {Strongly threatening ...a5.} 28. Rxb4 Rxb4 ({Black should play} 28... a5 $1 $14 29. Rb7 Rc8) 29. Nxb4 $16 a5 {[%cal Ba6a5,Ba5a4,Ba4a3][%mdl 32] [#]} 30. Nc6 (30. Qa4 $1 $16) 30... a4 $11 31. Qa1 Qxa1 32. Rxa1 {[%mdl 4096] Endgame KRN-KRN} a3 33. Ra2 Kg7 34. Nd4 Kf6 35. Nc2 Ra4 36. g3 Ra5 37. Rxa3 Rxd5 {White must now prevent ...Rd1+.} ({Weaker is} 37... Rxa3 38. Nxa3 h5 39. Nc4 $16) 38. Ne3 {Prevents Rd1+.} Rb5 39. Kg2 Nd8 {Weighted Error Value: White=0.15 (very precise) /Black=0.17 (very precise)} 1/2-1/2

[Event "Charlotte Spring-B 2022"]
[Site "Charlotte"]
[Date "2022.03.20"]
[Round "9.4"]
[White "Almeida Saenz, Alfonso"]
[Black "Adewumi, Tanitoluwa"]
[Result "1-0"]
[WhiteElo "2259"]
[BlackElo "2190"]
[Annotator "TA"]
[PlyCount "150"]
[EventDate "2022.03.16"]
[EventType "tourn"]
[EventCountry "USA"]
[SourceTitle "playchess.com"]
[Source "ChessBase"]
[SourceQuality "1"]

{[%evp 9,150,7,5,0,52,14,15,4,25,9,53,42,32,0,0,-14,18,-20,46,-9,-8,7,60,39,39,-58,-50,-70,32,19,129,49,43,40,142,135,145,149,207,109,240,214,334,339,476,478,459,474,420,196,210,204,204,203,216,218,191,162,164,109,196,147,233,193,227,229,219,222,293,313,313,311,285,306,306,301,306,306,306,219,298,222,206,148,281,282,321,280,345,344,355,354,747,710,667,488,813,797,771,756,881,877,869,862,861,656,5583,5185,5157,487,448,375,530,411,1078,1078,1092,1092,1078,1085,1085,1085,1085,1085,1085,1085,3046,3111,9220,8573,6412,6079,8507,8543,7640,7182,7182,6217,3401,1945,29944,29959,1451]} 1. d4 Nf6 2. Bg5 e6 3. Nd2 h6 4. Bh4 c5 5. e3 Nc6 6. c3 {[%cal Od2e4] A45: Trompowsky Attack.} b6 (6... d5 $11) 7. Ngf3 (7. Ne4 $5 {[%cal Re4f6]}) 7... Bb7 8. Bd3 {The position is equal.} d6 9. O-O g5 (9... Be7 $11) 10. Bg3 $14 {[#]} g4 $146 ({Predecessor:} 10... h5 11. h4 g4 12. Ne1 Be7 13. Nc2 Nh7 14. dxc5 bxc5 15. Nc4 d5 16. Ne5 Bxh4 {½-½ (33) Kolthoff,S (2058)-Stork,O (2224) Bad Homburg 2019}) 11. Ne1 (11. Nh4 $14 {is superior.}) 11... h5 $11 12. Bh4 Be7 13. f3 cxd4 ({Better is} 13... Nd5 $11 14. Bxe7 Qxe7) 14. exd4 (14. cxd4 $14 Nd5 15. Bxe7 Qxe7 16. Nc2) 14... Nd5 $1 15. Bf2 Rg8 (15... Qd7 $11) 16. fxg4 hxg4 17. Be2 ({White should try} 17. Nc4 $14) 17... Bg5 $1 $15 18. Nc2 {Inhibits Ne3.} Bh6 (18... f5 $1 $15) 19. Bg3 f5 {Inhibits Ne4.} (19... Qe7 $1 $11) 20. Bc4 (20. Nc4 $16 f4 21. Bxg4 $1) 20... Nce7 21. Qe2 $36 {[%cal Oe2e6][%mdl 2048] White has some pressure.} Rg6 {[#]} (21... Qd7 $1 $14) 22. Bd3 $1 $16 Bxd2 23. Qxd2 {And now c4 would win.} Qd7 (23... Nf6 $16) 24. a4 (24. Na3 $18) 24... Kf7 (24... Nf6 $16) 25. Na3 Rd8 (25... Kg8 $142 26. Nb5 Ba6) 26. Nb5 $18 Nc8 {[#]} (26... Nf6 $142 27. Nxd6+ Kg8) 27. c4 $1 Nde7 28. d5 e5 {Prevents Nd4.} 29. Bxf5 Nxf5 {[#]} 30. Rxf5+ $1 {[%mdl 512]} Qxf5 31. Rf1 Qxf1+ 32. Kxf1 Rd7 33. Ke2 Ba6 34. Na3 ({White should play} 34. b4 $18) 34... Kg7 (34... Ne7 $16 {keeps fighting.}) 35. b3 (35. a5 $18) 35... Rf7 (35... Ne7 $16 {was worth a try.} 36. a5 Kg8 37. axb6 axb6) 36. Nc2 Ne7 37. Ne3 Bc8 38. a5 bxa5 39. Qxa5 Nf5 40. Nxf5+ Bxf5 41. c5 dxc5 42. Bxe5+ Kh7 43. Qd8 {[%csl Ge5][%cal Rd8h8] Prevents Re7.} (43. Qxc5 $6 Rg8 44. Kf2 Rc8 $18) 43... Rg8 {To avoid Qh8+} 44. Qh4+ Kg6 {Threatens to win with ...Re8.} 45. Kd2 {Really sharp!} Bd7 46. Qg3 Rgf8 (46... Rf5 $16 47. d6 (47. Qxg4+ $2 Kf7 $19) 47... Kf7) 47. Bc3 Rf4 48. Kc1 a5 49. Bd2 (49. Bxa5 Rf1+ 50. Kd2 R8f4 $16) 49... Rf1+ 50. Kb2 {Black must now prevent Qd6+.} ({Not} 50. Kc2 R8f7 51. Be3 (51. Bxa5 R7f2+ 52. Kc3 Rc1+ 53. Kd3 Bf5+ 54. Ke3 Rcc2 $16) 51... Bf5+ 52. Kc3 Re7 53. Qd6+ (53. Bxc5 Rc1+ 54. Kd2 Ree1 $16) 53... Kf7 $18) 50... Bf5 $2 (50... R1f2) 51. Qd6+ Rf6 52. Qxc5 g3 (52... a4 $142 53. bxa4 Rb1+ 54. Ka2 Rb7) 53. hxg3 Rb1+ 54. Ka2 {[%cal Og3g4] aiming for g4!} a4 55. bxa4 {[%cal Og3g4] Hoping for g4!} Rd1 56. Qe3 Kf7 57. Bc3 Ra6 58. Qf4 Kg6 59. a5 (59. g4 $142 Rxd5 60. gxf5+ Rxf5 61. Qg4+ Rg5 62. Qe4+ Kh6 63. Bd2) 59... Rxd5 60. Qc7 {Inhibits Rc6. Strongly threatening Qg7+.} Rd7 {To avoid Qg7+} (60... Bd7 $142 61. Kb2 Rc6) 61. Qb8 Rc6 (61... Be6+ $142 62. Ka3 Kf7) 62. Qe8+ Kg5 63. Qe3+ Kg6 64. g4 {Intending Qe8+ and mate.} Be6+ 65. Ka3 {Qe4+ would kill now.} Rd5 66. Qf3 Bf7 67. g3 Rcd6 68. Qe4+ Kh6 69. Qe7 Kg6 70. Qf8 {[%csl Gc3][%cal Rf8g7]} Rf6 71. Qh8 Rdd6 72. Qh5+ Kg7 73. Qg5+ Bg6 74. Qc5 {White wants to mate with Qxd6.} Kf7 75. Qc7+ Ke8 {Weighted Error Value: White=0.49/Black=0.43} 1-0